Guess the Celebrity by their Picture - Statistics

General Stats
  • This quiz has been taken 85 times
  • The average score is 5 of 15
Answer Stats
Picture Hint Answer % Correct
POTUS John F. Kennedy
88%
Will Turner (POTC) Orlando Bloom
74%
Dr. Sean Maguire (Good Will Hunting) Robin Williams
67%
Elizabeth Swann (POTC) Keira Knightley
65%
Ransom Drysdale (Knives Out) Chris Evans
56%
Wanda Maximoff (Marvels) Elizabeth Olsen
54%
Julie Pierce (The Next Karate Kid) Hilary Swank
42%
Alfred (Justice League) Jeremy Irons
16%
Beatrice (Tris) Prior (Divergent Series) Shailene Woodley
14%
Davina Claire (The Originals/TVD) Danielle Campbell
5%
Chris Bradley (X-Men Origins: Wolverine Dominic Monaghan
5%
Felicity Smoak (CW's Arrow) Emily Bett Rickards
5%
Sara Lance/Ta-er al-Sahfer (CW's Arrow) Caity Lotz
2%
Donna Pinciotti (That 70s Show) Laura Prepon
2%
Moira Queen (CW's Arrow) Susanna Thompson
2%
No matching quizzes found
Score Distribution
Percent of People with Each Score
Percentile by Number Answered
Your Score History
You have not taken this quiz